| 000 | 00390nam a22001577a 4500 | ||
|---|---|---|---|
| 999 |
_c522594 _d522594 |
||
| 003 | NUST | ||
| 005 | 20181202084019.0 | ||
| 038 | _awaseem | ||
| 082 |
_a297.09 _bSAR |
||
| 100 |
_aSarwar, Ghulam _912637 |
||
| 245 |
_aIslamic Beliefs & Teachings / _cGhulam Sarwar |
||
| 260 |
_aIslamabad : _bInt Islamic University, _c1992. |
||
| 300 | _a238 p. ; | ||
| 500 | _aPaperback. | ||
| 942 |
_2ddc _cBK |
||